000 00630nam a22001577a 4500
020 _a978-1-84-413219-5
082 _a823
_bCHO/S
100 _aCHOPRA,DEEPAK
245 _aSYNCHRO DESTINY
250 _aFIRST
260 _aUSA
_bHARMONY BOOKS
_c2003
300 _a302
520 _aHe reveals how, through understanding the forces that shape coincidences, you can learn to live at a deeper level and access the flow of synchronicity that lies at the heart of existence. You can start to transform your life through full-contact living, in which all things will be within your reach.
650 _aNOVEL ENGLISH
_zUSA
942 _cBK
999 _c2319
_d2319